00459 a2200145 4500020002300000035002000023037004600043082000800089100001600097245003700113250001100150260003900161270007100200300004200271 a8177585428c565.00 aB-211495-211496 bRP-ZLS-2773 / UBH-07-08:6 / RP-07-08:ENGS14a5471 aFinar, I.L.1 aOrganic chemistrycby I.L. Finar a6th ed aNew DelhibPearson Educationc2006 a14 Local Shopping Centre,Panchsheel ParkbNew DelhicDelhie110017 aV.1-xiv, 965, V.2-956 pc24 cm (pbk)